LIBRARY ONLINE CATALOGUE

The Transformation of land tenure in Buganda since 1896 / (Record no. 13262)

MARC details
000 -LEADER
fixed length control field 00632nam a22001932 4500
001 - CONTROL NUMBER
control field 0000009744
005 - DATE AND TIME OF LATEST TRANSACTION
control field 20151217155843.0
008 - FIXED-LENGTH DATA ELEMENTS--GENERAL INFORMATION
fixed length control field 081125s xx 000 0 eng d
040 ## - CATALOGING SOURCE
Original cataloging agency KABU
Transcribing agency KABU
100 1# - MAIN ENTRY--PERSONAL NAME
Personal name West, H. W.
-- 0000161511
245 14 - TITLE STATEMENT
Title The Transformation of land tenure in Buganda since 1896 /
Statement of responsibility, etc. H. W. West.
250 ## - EDITION STATEMENT
Edition statement 1st ed.
260 ## - PUBLICATION, DISTRIBUTION, ETC. (IMPRINT)
Place of publication, distribution, etc. Cambridge, U. K. :
Name of publisher, distributor, etc. African Studies Centre, Cambridge University,
Date of publication, distribution, etc. 1969.
300 ## - PHYSICAL DESCRIPTION
Extent 102 p.
650 #0 - SUBJECT ADDED ENTRY--TOPICAL TERM
Topical term or geographic name as entry element Land tenure
General subdivision History
Geographic subdivision Buganda, Uganda.
-- 0000161512
852 1# - LOCATION
-- p200 KES
908 ## - PUT COMMAND PARAMETER (RLIN)
Put command parameter 081125
950 ## - LOCAL HOLDINGS (RLIN)
-- 1
Holdings
Withdrawn status Lost status Source of classification or shelving scheme Not for loan Home library Current library Date acquired Total Checkouts Full call number Barcode Date last seen Price effective from Koha item type
    Library of Congress Classification   Kabarak, Main Campus Kabarak, Main Campus 17/12/2015   HD989 .U43B84 c. 1 15600 17/12/2015 17/12/2015 Africana Collection